Normal view
MARC view
Entry Término temático
001 - NÚMERO DE CONTROL
- campo de control: 171963
003 - IDENTIFICADOR DEL NÚMERO DE CONTROL
- campo de control: OSt
005 - FECHA Y HORA DE LA ÚLTIMA TRANSACCIÓN
- campo de control: 20220127161200.0
008 - DATOS DE LONGITUD FIJA
- campo de control de longitud fija: 220127|| aca||aabn | a|a d
040 ## - FUENTE DE LA CATALOGACIÓN
- Centro catalogador/agencia de origen: OSt
- Centro/agencia transcriptor: OSt
150 ## - ENCABEZAMIENTO--TÉRMINO DE MATERIA
- Término de materia o nombre geográfico como elemento de entrada: Moho gris
670 ## - FUENTE DE DATOS ENCONTRADOS
- Cita de la fuente: Work cat.: (OSt)205835: Reyes Ramírez, María Leticia 96958, Control químico de Alternaria solani (Ellis y Martín) Jones y Grout en Lycopersicon esculentum Mill. con Fluoxastrobin y Pyrimetanil en Cuautla, Morelos /
